Les langages de programmation les plus utilisés - Statistiques

Statistiques générales
  • Ce quiz a été pris 352 fois
  • Le résultat moyen est 10 sur 20
Statistiques - réponses
Classement Langue % Correct
1 Python
96%
2 C
94%
3 C++
94%
5 C#
94%
4 Java
93%
6 JavaScript
80%
17 R
72%
8 PHP
58%
19 Ruby
48%
9 SQL
45%
20 Rust
38%
11 Go
34%
15 Swift
29%
18 Kotlin
25%
14 MATLAB
20%
16 Fortran
17%
7 Visual Basic
13%
12 Scratch
12%
13 Delphi
2%
10 Assembly Language
1%
Aucun quiz correspondant
Distribution des résultats
% des personnes avec chaque résultat
Percentile par nombre de réponses
Votre historique - résultats
Vous n’avez pas pris ce quiz